书目信息 |
| 题名: |
建筑设备工程图识读与绘制习题集
|
|
| 作者: | 谭伟建 , 尚久明 , 韩变枝 编 | |
| 分册: | ||
| 出版信息: | 北京 机械工业出版社 2004.08 |
|
| 页数: | 65页 | |
| 开本: | 19×26cm | |
| 丛书名: | 21世纪供热通风与空调工程系列规划教材 | |
| 单 册: | ||
| 中图分类: | TU8-44 | |
| 科图分类: | ||
| 主题词: | 房屋建筑设备--fang wu jian zhu she bei--工程制图--习题 | |
| 电子资源: | ||
| ISBN: | 7-111-14895-9 | |
| 000 | 01193nam 2200277 450 | |
| 001 | 010254743687 | |
| 005 | 20050725112757.39 | |
| 010 | @a7-111-14895-9@dCNY14.00 | |
| 100 | @a20050524d2004 km y0chiy0120 ea | |
| 101 | 0 | @achi |
| 102 | @aCN@b110000 | |
| 105 | @aa aq 000yy | |
| 200 | 1 | @a建筑设备工程图识读与绘制习题集@Ajian zhu she bei gong cheng tu shi du yu hui zhi xi ti ji@f谭伟建, 尚久明, 韩变枝编@Ftan wei jian,shang jiu ming,han bian zhi bian |
| 210 | @a北京@c机械工业出版社@d2004.08 | |
| 215 | @a65页@c图@d19×26cm | |
| 225 | 2 | @a21世纪供热通风与空调工程系列规划教材@A21 shi ji gong re tong feng yu kong diao gong cheng xi lie gui hua jiao cai |
| 320 | @a有书目 (第65页)。 | |
| 330 | @a本习题集内容主要有制图基本知识,投影的基本知识,点、直线、平面的投影,体的投影,组合体的投影,展开图,轴测投影图,形体的剖断面图,施工图识读与抄绘。 | |
| 410 | 0 | @12001 @a21世纪供热通风与空调工程系列规划教材 |
| 606 | 0 | @a房屋建筑设备@Afang wu jian zhu she bei@x工程制图@x习题 |
| 690 | @aTU8-44@v4 | |
| 701 | 0 | @a谭伟建@Atan wei jian@4编 |
| 701 | 0 | @a尚久明@Ashang jiu ming@4编 |
| 701 | 0 | @a韩变枝@Ahan bian zhi@4编 |
| 801 | 0 | @aCN@bQSSK@c20050725 |
| 905 | @a10447@dTU8-44@eT132 | |
| 建筑设备工程图识读与绘制习题集/谭伟建, 尚久明, 韩变枝编.-北京:机械工业出版社,2004.08 |
| 65页:图;19×26cm.-(21世纪供热通风与空调工程系列规划教材) |
| ISBN 7-111-14895-9:CNY14.00 |
| 本习题集内容主要有制图基本知识,投影的基本知识,点、直线、平面的投影,体的投影,组合体的投影,展开图,轴测投影图,形体的剖断面图,施工图识读与抄绘。 |
| ● |
| 相关链接 |
|
|
|
正题名:建筑设备工程图识读与绘制习题集
索取号:TU8-44/T132
 
预约/预借
| 序号 | 登录号 | 条形码 | 馆藏地/架位号 | 状态 | 备注 |
| 1 | 526267 | 205262678 | 建筑库201/201建筑库 49排3列1层/ [索取号:TU8-44/T132] | 在馆 | |
| 2 | 526268 | 205262687 | 建筑库201/201建筑库 49排3列1层/ [索取号:TU8-44/T132] | 在馆 | |
| 3 | 526269 | 205262696 | 建筑库201/201建筑库 49排3列1层/ [索取号:TU8-44/T132] | 在馆 |